000 00421nam a2200169Ia 4500
001 19288
003 IN-NITTTR
005 20251114233223.0
008 251113s9999||||xx |||||||||||||| ||eng||
040 _beng
040 _cIN-NITTTR
041 _aeng
082 _a609 M355P
100 _aMarshall, Ken
245 0 _aPackage deals :
_b a study of technology innovation and transfer /
_cMarshall, Ken
942 _2ddc
_cBK
999 _c21922
_d21922